[Event "European Youth Chess Championship G12"]
[Site "Prague, Top Hotel Prague"]
[Date "2016.08.27"]
[Round "9.22"]
[White "Sovina, Maria"]
[Black "Kasaeva, Sofiia"]
[Result "1/2-1/2"]
[WhiteElo "1740"]
[BlackElo "1514"]
[PlyCount "74"]
[EventDate "2016.08.18"]

1. d4 d5 2. c4 e5 3. dxe5 d4 4. Nf3 Nc6 5. a3 Nge7 6. b4 Ng6 7. Bb2 a5 8. b5
Ncxe5 9. Nxe5 Nxe5 10. e3 Be6 11. Qxd4 Qxd4 12. Bxd4 Nxc4 13. Bxc4 Bxc4 14. Nc3
O-O-O 15. f3 f6 16. Kf2 Bd6 17. a4 Rhe8 18. Ne4 Be5 19. Bxe5 Rxe5 20. Rhc1 Bf7
21. Rc3 Bg6 22. Rac1 Rd7 23. Nc5 Rd2+ 24. Kg1 Red5 25. Ne6 Rd1+ 26. Kf2 Rxc1
27. Rxc1 Rd7 28. Nd4 Bf7 29. Rc5 Rd5 30. Rc3 Rh5 31. h3 Rd5 32. Nb3 b6 33. Nd4
Kd7 34. Ke1 Bg6 35. Kf2 Bf7 36. Ke1 Bg6 37. Kf2 Bf7 1/2-1/2

[Event "European Youth Chess Championship G12"]
[Site "Prague, Top Hotel Prague"]
[Date "2016.08.27"]
[Round "9.23"]
[White "Toncheva, Nadya"]
[Black "Desai, Nilomi"]
[Result "0-1"]
[WhiteElo "1689"]
[BlackElo "1511"]
[PlyCount "95"]
[EventDate "2016.08.18"]

1. e4 c6 2. d4 d5 3. Nc3 dxe4 4. Nxe4 Bf5 5. Ng3 Bg6 6. h4 h6 7. h5 Bh7 8. Nf3
Nd7 9. Bd3 Bxd3 10. Qxd3 e6 11. Bd2 Ngf6 12. O-O-O Be7 13. Kb1 Qb6 14. Ne4 Nxe4
15. Qxe4 Nf6 16. Qe2 Qb5 17. c4 Qf5+ 18. Ka1 Qe4 19. Be3 Ng4 20. d5 Nxe3 21.
fxe3 exd5 22. cxd5 O-O 23. Rd4 Qf5 24. e4 Qc8 25. d6 Bf6 26. e5 Qe6 27. g4 Bd8
28. Qe3 Bb6 29. g5 hxg5 30. Qxg5 Bxd4 31. Nxd4 Qh6 32. Qg4 Rfe8 33. Nf5 Qh7 34.
Qf4 Re6 35. d7 Rd8 36. h6 g6 37. Rd1 Qh8 38. h7+ Qxh7 39. Qg5 f6 40. exf6 Kf8
41. f7 Rxd7 42. Rg1 Qh5 43. Qxh5 gxh5 44. a3 Rxf7 45. Nh4 Ref6 46. Rg5 Rh6 47.
Nf5 Rhh7 48. Nh4 0-1

[Event "European Youth Chess Championship G12"]
[Site "Prague, Top Hotel Prague"]
[Date "2016.08.27"]
[Round "9.24"]
[White "Hertlein, Irena"]
[Black "Lhotska, Anna"]
[Result "1-0"]
[WhiteElo "1488"]
[BlackElo "1611"]
[PlyCount "71"]
[EventDate "2016.08.18"]

1. d4 d5 2. Nf3 Nf6 3. c4 e6 4. g3 Be7 5. Bg2 O-O 6. O-O b6 7. Ne5 Bb7 8. Qa4
c5 9. dxc5 bxc5 10. Nc3 Qc7 11. Bf4 Nc6 12. Ng6 e5 13. Nxd5 Nxd5 14. cxd5 fxg6
15. dxc6 exf4 16. cxb7 Rab8 17. Qxa7 fxg3 18. hxg3 Qe5 19. Qa3 c4 20. Qc3 Qxc3
21. bxc3 Rf5 22. Rfd1 Bc5 23. e3 Kf8 24. Rd7 Rf7 25. Rad1 Rxd7 26. Rxd7 Bb6 27.
Bd5 Ba5 28. Rf7+ Ke8 29. Rxg7 Kd8 30. Rxh7 Bxc3 31. Bxc4 g5 32. Bb5 Bf6 33.
Rd7+ Ke8 34. a4 Bd8 35. Rc7+ Kf8 36. Rc8 1-0

[Event "European Youth Chess Championship G12"]
[Site "Prague, Top Hotel Prague"]
[Date "2016.08.27"]
[Round "9.25"]
[White "Dvorakova, Olga"]
[Black "Pipiras, Filipa Fortuna"]
[Result "1/2-1/2"]
[WhiteElo "1601"]
[BlackElo "1468"]
[PlyCount "67"]
[EventDate "2016.08.18"]

1. e4 e5 2. Nf3 Nc6 3. Bb5 a6 4. Ba4 Nf6 5. d3 b5 6. Bb3 Be7 7. a4 b4 8. Nbd2
O-O 9. Nc4 d6 10. h3 Be6 11. Ng5 Bd7 12. f4 exf4 13. Bxf4 d5 14. Nd2 dxe4 15.
Ngxe4 Nxe4 16. Nxe4 Bh4+ 17. Kf1 Na5 18. c3 Nxb3 19. Qxb3 bxc3 20. Qxc3 c6 21.
g3 Be7 22. Kg2 Qb6 23. Bd2 c5 24. Kh2 Bc6 25. Rhe1 Bxe4 26. Rxe4 Bf6 27. Qc2
Qxb2 28. Qxb2 Bxb2 29. Rb1 Bd4 30. Be3 Bxe3 31. Rxe3 h6 32. Re5 Rfd8 33. Rb3
Rd4 34. a5 1/2-1/2

[Event "European Youth Chess Championship G12"]
[Site "Prague, Top Hotel Prague"]
[Date "2016.08.27"]
[Round "9.26"]
[White "Dimitrijevic, Andjela"]
[Black "Trifoi, Mihaela-Ioana"]
[Result "0-1"]
[WhiteElo "1468"]
[BlackElo "1595"]
[PlyCount "176"]
[EventDate "2016.08.18"]

1. e4 c6 2. d4 d5 3. Nd2 dxe4 4. Nxe4 Bf5 5. Nc5 Qc7 6. Bd3 Bxd3 7. Nxd3 e6 8.
Bf4 Bd6 9. Bxd6 Qxd6 10. Nf3 Nf6 11. O-O O-O 12. c3 Nbd7 13. Qc2 Nb6 14. Rfe1
Qc7 15. Rad1 Rfd8 16. Nde5 h6 17. Rd2 Rac8 18. Red1 Qe7 19. Rd3 Nbd5 20. g3 Re8
21. Re1 Qc7 22. Qe2 Rcd8 23. Red1 Nh7 24. Nc4 Qe7 25. Ne3 Nhf6 26. Nc4 Nd7 27.
R3d2 N7b6 28. Nxb6 Nxb6 29. Ne5 f6 30. Nc4 Nd5 31. Ne3 Nc7 32. Re1 Qf7 33. Red1
g6 34. Ng4 Kg7 35. Ne3 Re7 36. Nc4 Rdd7 37. Re1 e5 38. Qd3 exd4 39. Rxe7 Qxe7
40. Na5 Ne6 41. Nb3 c5 42. Kg2 b6 43. cxd4 Nxd4 44. Nxd4 Rxd4 45. Re2 Qb7+ 46.
Qf3 Qxf3+ 47. Kxf3 Kf7 48. Kg2 Rd7 49. Kf3 Re7 50. Rd2 Ke6 51. Ke3 Rd7 52. Rc2
Kd6 53. Kd3 Kc6+ 54. Kc3 b5 55. b3 a5 56. Re2 Rd6 57. Re8 b4+ 58. Kc2 Kb5 59.
Rb8+ Rb6 60. Rh8 h5 61. Rg8 f5 62. Rc8 Rc6 63. Rb8+ Ka6 64. Ra8+ Kb6 65. Rb8+
Ka7 66. Rb5 Ka6 67. Rb8 c4 68. Ra8+ Kb6 69. bxc4 Rxc4+ 70. Kb2 Rc6 71. Rb8+ Ka7
72. Rb5 Ka6 73. Rb8 Rb6 74. Ra8+ Kb5 75. Kb3 Ra6 76. Rxa6 Kxa6 77. Kc4 Kb6 78.
f3 Kc6 79. h3 Kb6 80. g4 fxg4 81. fxg4 hxg4 82. hxg4 g5 83. Kd5 Kb5 84. Ke5 a4
85. Kf5 b3 86. axb3 axb3 87. Kxg5 b2 88. Kf6 b1=Q 0-1

[Event "European Youth Chess Championship G12"]
[Site "Prague, Top Hotel Prague"]
[Date "2016.08.27"]
[Round "9.27"]
[White "Lomaia, Diana"]
[Black "Ramaiya, Arushi"]
[Result "1-0"]
[WhiteElo "1593"]
[BlackElo "1468"]
[PlyCount "73"]
[EventDate "2016.08.18"]

1. e4 e5 2. Nc3 Nc6 3. Bc4 Nf6 4. d3 Bc5 5. f4 d6 6. Nf3 Nd4 7. Nxd4 Bxd4 8. f5
c6 9. Qe2 h6 10. Bb3 Qc7 11. Be3 Qa5 12. Bd2 Bd7 13. Rf1 Rf8 14. h3 O-O-O 15.
O-O-O Rde8 16. Kb1 Qa6 17. g4 b5 18. a3 Qb6 19. Qe1 a5 20. Ne2 Be3 21. Bxa5 Qa7
22. Bd2 d5 23. Bxe3 Qxe3 24. Nc3 Qxh3 25. exd5 cxd5 26. Nxd5 Nxd5 27. Bxd5 Qxg4
28. Qc3+ Kd8 29. Be4 Qg5 30. Qa5+ Ke7 31. Qb4+ Kd8 32. d4 Qf6 33. dxe5 Qxe5 34.
Bc6 Re7 35. Bxd7 Rh8 36. Qa5+ Qc7 37. Qa8+ 1-0

[Event "European Youth Chess Championship G12"]
[Site "Prague, Top Hotel Prague"]
[Date "2016.08.27"]
[Round "9.28"]
[White "Efendieva, Alina"]
[Black "Dgebuadze, Marie"]
[Result "1-0"]
[WhiteElo "1589"]
[BlackElo "1449"]
[PlyCount "55"]
[EventDate "2016.08.18"]

1. e4 c5 2. Nf3 Nc6 3. d4 cxd4 4. Nxd4 Nf6 5. Nc3 d6 6. Bg5 e6 7. Qd2 Be7 8.
O-O-O a6 9. f4 Qa5 10. Nb3 Qc7 11. g4 Nxg4 12. Bxe7 Qxe7 13. Rg1 Qh4 14. h3 Nf6
15. Rxg7 Nh5 16. Rg4 Qe7 17. Qxd6 Qxd6 18. Rxd6 e5 19. f5 Ke7 20. Rd1 Nf6 21.
Rg1 b5 22. a3 Bb7 23. Nc5 Rab8 24. Nd5+ Nxd5 25. Rxd5 Bc8 26. c3 Kf6 27. Rd6+
Ke7 28. Rxc6 1-0

[Event "European Youth Chess Championship G12"]
[Site "Prague, Top Hotel Prague"]
[Date "2016.08.27"]
[Round "9.29"]
[White "Mikhailina, Elena"]
[Black "Urbanc, Tina"]
[Result "0-1"]
[WhiteElo "1541"]
[BlackElo "1419"]
[PlyCount "144"]
[EventDate "2016.08.18"]

1. e4 e6 2. d4 b6 3. Bd3 Bb7 4. Nf3 d5 5. e5 c5 6. c3 Qd7 7. Be3 Ba6 8. Bxa6
Nxa6 9. O-O Nh6 10. Bxh6 gxh6 11. Re1 O-O-O 12. Nbd2 Rg8 13. Nf1 Be7 14. Qd3
Kb7 15. Qxh7 Bg5 16. Nxg5 hxg5 17. Qd3 cxd4 18. cxd4 Rc8 19. Rac1 Nb4 20. Qd2
Nc6 21. Rc3 Qe7 22. Rec1 Rh8 23. Rg3 Rcg8 24. Ne3 Rh4 25. Rg4 Rgh8 26. Rxh4
Rxh4 27. Nc2 f5 28. Qc3 Qd7 29. Rd1 Qh7 30. h3 g4 31. Rd3 f4 32. Kf1 gxh3 33.
gxh3 Qe4 34. Rf3 Qh7 35. Qd3 Qh6 36. a3 Qg7 37. Ne1 Na5 38. Ng2 Rh6 39. Nxf4
Nc4 40. Qc3 Qd7 41. Nd3 Qh7 42. Ke1 Kb8 43. Nc1 Qe4+ 44. Ne2 Qb1+ 45. Qc1 Qxc1+
46. Nxc1 Nxb2 47. Nd3 Nc4 48. Nb4 a5 49. Nc2 Kc7 50. Ke2 Kc6 51. Rb3 Rh4 52.
Ke1 Re4+ 53. Kd1 Rf4 54. Ke1 Re4+ 55. Kd1 Rf4 56. Ke2 Re4+ 57. Kd3 Rh4 58. Ne3
Rxh3 59. Ke2 Nxe3 60. Rxe3 Rxe3+ 61. Kxe3 Kb5 62. f4 Kc6 63. Kd3 b5 64. Kc3 Kd7
65. Kd3 Ke7 66. f5 exf5 67. Ke3 Ke6 68. Kd3 b4 69. axb4 axb4 70. Kc2 f4 71. Kd3
f3 72. Ke3 b3 0-1

[Event "European Youth Chess Championship G12"]
[Site "Prague, Top Hotel Prague"]
[Date "2016.08.27"]
[Round "9.30"]
[White "Shehzad, Alisha"]
[Black "Ruzic, Pia Marie"]
[Result "1-0"]
[WhiteElo "1528"]
[BlackElo "1353"]
[PlyCount "145"]
[EventDate "2016.08.18"]

1. e4 e6 2. d4 d5 3. Nd2 c5 4. exd5 exd5 5. Ngf3 Nc6 6. Bb5 Bd6 7. dxc5 Bxc5 8.
O-O Nge7 9. Nb3 Bb6 10. Re1 O-O 11. Be3 Bg4 12. Bxb6 Qxb6 13. Bxc6 Nxc6 14.
Qxd5 Nb4 15. Qe4 Bxf3 16. gxf3 Qg6+ 17. Qxg6 fxg6 18. Re7 b6 19. c3 Nc6 20. Re3
Rf4 21. Kg2 Raf8 22. Rd1 g5 23. h3 h5 24. Rd2 g4 25. fxg4 hxg4 26. hxg4 Rxg4+
27. Rg3 Rgf4 28. f3 Ne5 29. Nd4 Nc4 30. Re2 R4f6 31. Re7 R6f7 32. Rxf7 Rxf7 33.
b3 Ne3+ 34. Kg1 Nd5 35. c4 Ne7 36. Rg2 Nc8 37. a3 Ne7 38. Re2 Nf5 39. Re8+ Kh7
40. Nxf5 Rxf5 41. Kf2 Rf7 42. Ke3 Kg6 43. Ke4 Rd7 44. f4 Kf7 45. Re5 g6 46. Rd5
Re7+ 47. Kd4 Rc7 48. Kc3 Ke6 49. Kb4 Rf7 50. Rg5 Rf6 51. Re5+ Kd6 52. Re4 Kc6
53. Kc3 a5 54. Kd3 Rd6+ 55. Ke3 Rf6 56. Kf3 Kd6 57. Kg4 Rf5 58. Re8 Kd7 59. Rg8
Rf6 60. Kg5 Rf5+ 61. Kg4 Rf6 62. Rg7+ Kd6 63. Rh7 Kc6 64. Rh6 Kc7 65. Rh4 Kc6
66. Kg5 Rd6 67. Rh6 Rd3 68. Rxg6+ Kc5 69. f5 Rxb3 70. f6 Rxa3 71. f7 Rf3 72.
Rf6 Rxf6 73. Kxf6 1-0

[Event "European Youth Chess Championship G12"]
[Site "Prague, Top Hotel Prague"]
[Date "2016.08.27"]
[Round "9.31"]
[White "Villanyi, Alexia"]
[Black "Donghvani, Nia"]
[Result "0-1"]
[WhiteElo "1439"]
[BlackElo "1686"]
[PlyCount "80"]
[EventDate "2016.08.18"]

1. e4 c5 2. Nf3 d6 3. d4 cxd4 4. Nxd4 Nf6 5. Nc3 g6 6. Be2 Bg7 7. O-O O-O 8.
Be3 Nc6 9. Nb3 b6 10. f4 Bb7 11. Bf3 e5 12. f5 Ne7 13. Qe1 gxf5 14. exf5 d5 15.
Bg5 e4 16. Bd1 Kh8 17. Qh4 Neg8 18. Nd4 h6 19. Bg4 Qc8 20. Be2 Qc5 21. Be3 Ng4
22. Na4 Qb4 23. c3 Qxa4 24. Bxg4 Bf6 25. Qh3 Kh7 26. Bh5 Qd7 27. g4 Qe7 28. Kh1
Bg5 29. f6 Bxf6 30. Nf5 Qd8 31. Bxh6 Nxh6 32. Nxh6 Kxh6 33. g5+ Bxg5 34. Bxf7+
Kg7 35. Qh5 d4 36. Qg6+ Kh8 37. h4 e3+ 38. Kg1 Rg8 39. Bxg8 Qxg8 40. Qh5+ Bh6+
0-1

[Event "European Youth Chess Championship G12"]
[Site "Prague, Top Hotel Prague"]
[Date "2016.08.27"]
[Round "9.32"]
[White "Djordjevic, Nevena"]
[Black "Garau, Francesca"]
[Result "1/2-1/2"]
[WhiteElo "1431"]
[BlackElo "1621"]
[PlyCount "46"]
[EventDate "2016.08.18"]

1. d4 d5 2. c4 e6 3. cxd5 exd5 4. Nc3 Nf6 5. Bg5 Be7 6. e3 Nbd7 7. Bd3 O-O 8.
Nf3 Re8 9. O-O Nf8 10. Rb1 c6 11. b4 a6 12. Na4 N6d7 13. Bxe7 Qxe7 14. Qc2 Qf6
15. Rfc1 Ng6 16. Nc5 Nxc5 17. bxc5 Re7 18. Rb6 Kh8 19. Bxg6 hxg6 20. Qb3 Rc7
21. Qb2 Qe7 22. Rc3 Ra7 23. Rcb3 Kh7 1/2-1/2

[Event "European Youth Chess Championship G12"]
[Site "Prague, Top Hotel Prague"]
[Date "2016.08.27"]
[Round "9.33"]
[White "Burdot, Clara"]
[Black "Korenova, Simona"]
[Result "0-1"]
[WhiteElo "1094"]
[BlackElo "1612"]
[PlyCount "78"]
[EventDate "2016.08.18"]

1. e4 c5 2. c3 d6 3. d4 cxd4 4. cxd4 Nf6 5. Nc3 g6 6. Nf3 Bg7 7. Bc4 O-O 8. O-O
a6 9. Be3 b5 10. Bd3 Bb7 11. a3 Nbd7 12. h3 Rc8 13. Qd2 Nb6 14. Rfe1 Nc4 15.
Bxc4 Rxc4 16. Bh6 Qb6 17. Bxg7 Kxg7 18. b3 Rc7 19. Rac1 Rfc8 20. d5 Qa5 21. Ne2
Qxa3 22. b4 Rxc1 23. Rxc1 Rxc1+ 24. Nxc1 Nxe4 25. Qd4+ Nf6 26. Ne2 Bxd5 27. Nf4
Bxf3 28. gxf3 Qc1+ 29. Kg2 e5 30. Qxd6 Qxf4 31. Qxa6 Qxb4 32. Qa1 Qc5 33. Kg3
b4 34. Qb2 Qc3 35. Qe2 Nh5+ 36. Kh2 b3 37. Qe4 b2 38. Kg2 Nf6 39. Qb1 Qc1 0-1

[Event "European Youth Chess Championship G12"]
[Site "Prague, Top Hotel Prague"]
[Date "2016.08.27"]
[Round "9.34"]
[White "Van Den Brink, Nienke"]
[Black "Kuhar, Larisa"]
[Result "1/2-1/2"]
[WhiteElo "1612"]
[BlackElo "1378"]
[PlyCount "75"]
[EventDate "2016.08.18"]

1. d4 d5 2. e3 Nf6 3. f4 e6 4. Bd3 c5 5. c3 Nc6 6. Nd2 Be7 7. Ngf3 h6 8. Ne5 c4
9. Bc2 Qc7 10. O-O O-O 11. g4 Nd7 12. g5 Ncxe5 13. dxe5 g6 14. gxh6 Kh7 15. Qg4
Kxh6 16. Rf3 Rh8 17. h4 Kg7 18. Rh3 Rh5 19. Nf3 Qd8 20. Rg3 Rh6 21. h5 Nf8 22.
Nd4 Kh8 23. hxg6 Nxg6 24. Rh3 Rxh3 25. Qxh3+ Kg7 26. e4 Bc5 27. Be3 Bxd4 28.
cxd4 Qh4 29. Qxh4 Nxh4 30. Rf1 Ng6 31. f5 Nf8 32. fxe6 Bxe6 33. exd5 Bxd5 34.
Rf4 Ne6 35. Rg4+ Kf8 36. Be4 Bxe4 37. Rxe4 Rd8 38. a4 1/2-1/2

[Event "European Youth Chess Championship G12"]
[Site "Prague, Top Hotel Prague"]
[Date "2016.08.27"]
[Round "9.35"]
[White "Skigelstrand, Live Jorgensen"]
[Black "Maziukaite, Kristina"]
[Result "1/2-1/2"]
[WhiteElo "1525"]
[BlackElo "1323"]
[PlyCount "69"]
[EventDate "2016.08.18"]

1. d4 Nf6 2. c4 g6 3. Nc3 Bg7 4. e4 d6 5. Bd3 O-O 6. Nge2 e5 7. d5 a5 8. O-O
Na6 9. Ng3 Nc5 10. h3 Ne8 11. Rb1 f5 12. exf5 Nxd3 13. Qxd3 gxf5 14. f4 e4 15.
Qe3 Rf6 16. Nh5 Rg6 17. Nxg7 Nxg7 18. Qf2 Qf8 19. Ne2 Ne8 20. Kh1 Qh6 21. Bd2
Nf6 22. Rbc1 Ng4 23. Qg1 b6 24. Rc3 Bd7 25. Rg3 Kf7 26. Rc1 Rag8 27. Rcc3 Qh5
28. Qe1 Nf6 29. Rxg6 Rxg6 30. Rg3 Rxg3 31. Nxg3 Qg6 32. Qf2 Nh5 33. Ne2 Qf6 34.
Bc3 Qg6 35. Bd2 1/2-1/2

[Event "European Youth Chess Championship G12"]
[Site "Prague, Top Hotel Prague"]
[Date "2016.08.27"]
[Round "9.36"]
[White "Koksa, Jelena"]
[Black "Subjakova, Kristina"]
[Result "1/2-1/2"]
[WhiteElo "1463"]
[BlackElo "1271"]
[PlyCount "116"]
[EventDate "2016.08.18"]

1. e4 e5 2. Nf3 Nc6 3. d4 exd4 4. Nxd4 Bc5 5. Nb3 Bb6 6. Nc3 Nf6 7. Bd3 d6 8.
O-O O-O 9. h3 Be6 10. Re1 Ne5 11. Nd5 Nxd5 12. exd5 Bxd5 13. Bxh7+ Kxh7 14.
Qxd5 Qf6 15. Be3 c6 16. Qe4+ g6 17. Bxb6 axb6 18. Qd4 b5 19. f4 Nd7 20. Qxf6
Nxf6 21. g3 Rfe8 22. a3 Nd5 23. Kf2 b4 24. Rxe8 Rxe8 25. Na5 Re7 26. Nc4 Re6
27. Re1 Rf6 28. Ne3 bxa3 29. Nxd5 cxd5 30. bxa3 g5 31. Kf3 gxf4 32. gxf4 Re6
33. Rb1 Re7 34. Rd1 Rc7 35. Rxd5 Rxc2 36. Rd3 Rc6 37. Ke4 Kg6 38. Rb3 Rc7 39.
Kd5 Kf5 40. Kxd6 Rc4 41. Rxb7 f6 42. Rh7 Rxf4 43. Ra7 Rh4 44. a4 Rxh3 45. Ra8
Ra3 46. a5 Kf4 47. a6 f5 48. a7 Kf3 49. Kc5 f4 50. Kb4 Ra1 51. Kc3 Kf2 52. Kb2
Ra5 53. Kc3 f3 54. Kb4 Ra1 55. Kc5 Kf1 56. Kb6 Rb1+ 57. Kc5 Ra1 58. Kb6 Rb1+
1/2-1/2

[Event "European Youth Chess Championship G12"]
[Site "Prague, Top Hotel Prague"]
[Date "2016.08.27"]
[Round "9.37"]
[White "Lobanova, Milana"]
[Black "Qasem, Huda"]
[Result "1/2-1/2"]
[WhiteElo "1348"]
[BlackElo "1459"]
[PlyCount "56"]
[EventDate "2016.08.18"]

1. d4 e6 2. Nf3 Nf6 3. e3 b6 4. Bd3 Bb7 5. O-O Ne4 6. Nbd2 f5 7. Bxe4 fxe4 8.
Ne5 g6 9. Qg4 Qe7 10. Nxe4 Bg7 11. Ng5 Bxe5 12. dxe5 Nc6 13. f4 O-O-O 14. a4 h5
15. Qe2 Nxe5 16. b4 Nc6 17. Ba3 Qf6 18. c4 Qf5 19. e4 Qf6 20. Bb2 e5 21. Nf3
Nd4 22. Nxd4 exd4 23. e5 Qf5 24. Bxd4 Be4 25. Qe3 h4 26. Qh3 Qxh3 27. gxh3 Rhg8
28. Rfe1 Bf5 1/2-1/2

[Event "European Youth Chess Championship G12"]
[Site "Prague, Top Hotel Prague"]
[Date "2016.08.27"]
[Round "9.38"]
[White "Babineca, Darja"]
[Black "Stastna, Martina"]
[Result "1-0"]
[WhiteElo "1686"]
[BlackElo "1423"]
[PlyCount "59"]
[EventDate "2016.08.18"]

1. e4 e5 2. Nf3 Nc6 3. d4 exd4 4. Nxd4 Bc5 5. Be3 Qf6 6. Nb5 Bxe3 7. fxe3 Qe5
8. Qd5 Qxd5 9. exd5 Nb4 10. Nxc7+ Kd8 11. Nxa8 Nxc2+ 12. Kd2 Nxa1 13. d6 Nf6
14. Nc3 b6 15. Be2 Bb7 16. Bf3 Bxf3 17. gxf3 Nb3+ 18. axb3 Ne8 19. Nc7 Nxd6 20.
N7b5 Nb7 21. Nxa7 Nc5 22. b4 Na6 23. Nd5 d6 24. Ra1 Nb8 25. Rc1 Kd7 26. Nxb6+
Ke6 27. Rc8 Rxc8 28. Naxc8 Na6 29. b5 Nc7 30. Na7 1-0

[Event "European Youth Chess Championship G12"]
[Site "Prague, Top Hotel Prague"]
[Date "2016.08.27"]
[Round "9.39"]
[White "Vozarova, Adriana"]
[Black "Sawhney, Anisha"]
[Result "1-0"]
[WhiteElo "1500"]
[BlackElo "1301"]
[PlyCount "51"]
[EventDate "2016.08.18"]

1. e4 e5 2. Nf3 Nc6 3. d4 exd4 4. Bc4 Nf6 5. e5 Ng4 6. O-O Be7 7. Bf4 g5 8. Bg3
h5 9. h3 h4 10. Bxh4 gxh4 11. hxg4 d5 12. Bb5 Bxg4 13. Bxc6+ bxc6 14. e6 Bxe6
15. Nxd4 Qd6 16. Qf3 Bd7 17. Re1 Qb4 18. Qe3 O-O-O 19. a3 Qxb2 20. Nc3 c5 21.
Nxd5 Bd6 22. Qe4 Rde8 23. Qf3 Rxe1+ 24. Rxe1 cxd4 25. Nb4 Kb8 26. Na6+ 1-0

[Event "European Youth Chess Championship G12"]
[Site "Prague, Top Hotel Prague"]
[Date "2016.08.27"]
[Round "9.40"]
[White "Rolinkova, Lucie"]
[Black "Scarpa, Alessandra"]
[Result "1-0"]
[WhiteElo "1274"]
[BlackElo "1492"]
[PlyCount "109"]
[EventDate "2016.08.18"]

1. e4 c6 2. d4 d5 3. exd5 cxd5 4. c4 Nf6 5. cxd5 Nxd5 6. Nc3 Nxc3 7. bxc3 g6 8.
Rb1 Bg7 9. Bf4 O-O 10. Nf3 Nd7 11. g3 Re8 12. Be2 Nf6 13. Bb5 Bd7 14. Bc4 b6
15. O-O Qc8 16. Qb3 e6 17. Ne5 Re7 18. Bg5 h6 19. Bxf6 Bxf6 20. f4 Bg7 21. a4
Qe8 22. Bb5 Bxe5 23. fxe5 Rc8 24. c4 Bxb5 25. axb5 Rec7 26. Rfc1 Qd7 27. Rd1
Qe7 28. h4 h5 29. Kh1 Qe8 30. Rd2 Qe7 31. Rc2 Kf8 32. Rbb2 Rd7 33. Qc3 Rdc7 34.
Qb4 Qxb4 35. Rxb4 Ke7 36. Kg2 Ke8 37. Kf3 Kf8 38. Ke4 Ke7 39. Ra4 Ke8 40. Kd3
Kd8 41. Rc3 Ke8 42. Kc2 Kd8 43. Kb3 Ke8 44. Kb4 Rd8 45. Rd3 Ke7 46. Kc3 Ke8 47.
Kb4 Ke7 48. Raa3 Rcd7 49. Rd1 Rc8 50. Ra4 Ra8 51. Rda1 Rc7 52. c5 Ke8 53. c6
Ke7 54. Ra6 Ke8 55. Rxb6 1-0

[Event "European Youth Chess Championship G12"]
[Site "Prague, Top Hotel Prague"]
[Date "2016.08.27"]
[Round "9.41"]
[White "Sild, Marta Pauliine"]
[Black "Rahulan, Thivyaa"]
[Result "1/2-1/2"]
[WhiteElo "1239"]
[BlackElo "1428"]
[PlyCount "77"]
[EventDate "2016.08.18"]

1. e4 e6 2. d4 d5 3. exd5 exd5 4. Bd3 Bd6 5. Nf3 Nc6 6. h3 Nge7 7. O-O O-O 8.
Nc3 a6 9. a3 Bd7 10. Re1 f6 11. Bd2 Qc8 12. Qe2 Re8 13. Qf1 Bf5 14. Rad1 Qd7
15. Be3 Rad8 16. Nh4 Bxd3 17. Qxd3 Na5 18. Bc1 Nac6 19. Be3 b5 20. b4 Na7 21.
Na2 Nac8 22. Nc1 Nb6 23. Nb3 Nc4 24. Ra1 Qc6 25. Nc5 a5 26. Nf3 a4 27. Nd2 Bxc5
28. dxc5 Qd7 29. Nxc4 dxc4 30. Qxd7 Rxd7 31. Bf4 Red8 32. Kf1 Kf7 33. f3 g5 34.
Bh2 Nd5 35. c6 Rd6 36. Bxd6 Rxd6 37. Kf2 Rxc6 38. Rad1 Rd6 39. g3 1/2-1/2

[Event "European Youth Chess Championship G12"]
[Site "Prague, Top Hotel Prague"]
[Date "2016.08.27"]
[Round "9.42"]
[White "Basovskiy, Jana"]
[Black "Katter, Katharina"]
[Result "1-0"]
[WhiteElo "1488"]
[BlackElo "1380"]
[PlyCount "53"]
[EventDate "2016.08.18"]

1. e4 e5 2. Nf3 Nc6 3. Bc4 Bc5 4. c3 Nf6 5. d4 exd4 6. e5 d5 7. Bb5 Ne4 8. cxd4
Bb6 9. Nc3 O-O 10. h3 f6 11. exf6 Nxc3 12. bxc3 Qxf6 13. Be3 Qg6 14. Nh4 Qe4
15. Nf3 Qg6 16. Nh4 Qe4 17. Nf3 Ne7 18. Bd3 Qe6 19. Ng5 Qc6 20. Bxh7+ Kh8 21.
Qh5 Qh6 22. Nf7+ Rxf7 23. Bxh6 Rf8 24. Bg5 Rd8 25. Bxe7 Re8 26. Bg6+ Kg8 27.
Qh7# 1-0

[Event "European Youth Chess Championship G12"]
[Site "Prague, Top Hotel Prague"]
[Date "2016.08.27"]
[Round "9.43"]
[White "Bilic, Marijana"]
[Black "Di, Maulo Alessandra"]
[Result "1/2-1/2"]
[WhiteElo "1739"]
[BlackElo "1397"]
[PlyCount "57"]
[EventDate "2016.08.18"]

1. e4 e5 2. Nf3 Nc6 3. d4 exd4 4. Nxd4 Bc5 5. Nb3 Bb6 6. Qe2 d6 7. Be3 Be6 8.
Nc3 Qe7 9. Bxb6 axb6 10. O-O-O O-O-O 11. Qe3 f6 12. Be2 Qf7 13. f3 Nge7 14.
Rhe1 d5 15. exd5 Nxd5 16. Nxd5 Bxd5 17. Kb1 Rhe8 18. Qf2 Kb8 19. Bd3 Ne5 20.
Bb5 Rf8 21. Bd3 Nxd3 22. Rxd3 Rfe8 23. Red1 Rd7 24. Qd2 Red8 25. Qe3 Bxb3 26.
axb3 Kc8 27. Rxd7 Rxd7 28. Rxd7 Qxd7 29. Qe4 1/2-1/2

[Event "European Youth Chess Championship G12"]
[Site "Prague, Top Hotel Prague"]
[Date "2016.08.27"]
[Round "9.44"]
[White "Orru`, Giulia"]
[Black "Maione, Melissa"]
[Result "0-1"]
[WhiteElo "1134"]
[BlackElo "1494"]
[PlyCount "54"]
[EventDate "2016.08.18"]

1. e4 e5 2. Nf3 Nc6 3. Bc4 Bc5 4. c3 Nf6 5. d4 exd4 6. cxd4 Bb4+ 7. Nc3 Nxe4 8.
O-O Bxc3 9. d5 Bf6 10. Re1 Ne7 11. Rxe4 O-O 12. g4 Ng6 13. g5 Be7 14. b3 d6 15.
Qf1 f6 16. Qg2 fxg5 17. Nxg5 Bxg5 18. Bxg5 Qd7 19. Bd3 Qf7 20. Rae1 Bf5 21.
R4e3 Bxd3 22. Rxd3 Rae8 23. Rxe8 Rxe8 24. Qg3 Re2 25. a4 Ne5 26. Rc3 Qxd5 27.
Rxc7 Re1# 0-1

[Event "European Youth Chess Championship G12"]
[Site "Prague, Top Hotel Prague"]
[Date "2016.08.27"]
[Round "9.45"]
[White "Maresova, Michaela"]
[Black "Simonova, Stela"]
[Result "0-1"]
[WhiteElo "1430"]
[BlackElo "1393"]
[PlyCount "66"]
[EventDate "2016.08.18"]

1. e4 e6 2. Nf3 d5 3. Nc3 Bb4 4. a3 Ba5 5. Be2 d4 6. Na2 Nc6 7. O-O Nf6 8. d3
Bb6 9. Bg5 e5 10. h3 Be6 11. Nb4 Nxb4 12. axb4 Qd6 13. Qd2 Bd7 14. Ra3 h6 15.
Bh4 g5 16. Bg3 Nxe4 17. dxe4 f6 18. c3 c5 19. cxd4 cxd4 20. Rd1 Rd8 21. Qe1 Bc6
22. Bf1 h5 23. Bh2 g4 24. Nh4 gxh3 25. Nf5 Qd7 26. Kh1 hxg2+ 27. Bxg2 Rg8 28.
Bf1 Rg5 29. Bg2 Rxg2 30. Kxg2 Qxf5 31. Kf1 Bxe4 32. Qe2 d3 33. Qe1 Qh3+ 0-1

[Event "European Youth Chess Championship G12"]
[Site "Prague, Top Hotel Prague"]
[Date "2016.08.27"]
[Round "9.49"]
[White "Deleu, Ellen"]
[Black "Marthinussen, Emma Viktoria Li"]
[Result "1/2-1/2"]
[WhiteElo "1181"]
[BlackElo "1442"]
[PlyCount "48"]
[EventDate "2016.08.18"]

1. f4 d5 2. Nf3 Nf6 3. g3 g6 4. Bg2 Bg7 5. O-O O-O 6. d3 Nc6 7. c3 Bg4 8. Nbd2
Bxf3 9. Nxf3 Re8 10. Re1 e5 11. e3 exf4 12. exf4 Rxe1+ 13. Qxe1 Qd7 14. h3 Re8
15. Qf2 Re7 16. Bd2 Qe8 17. Re1 Rxe1+ 18. Qxe1 Qxe1+ 19. Nxe1 Ne7 20. Be3 a6
21. Kf2 b6 22. Nf3 a5 23. Bf1 Nf5 24. a4 Nxe3 1/2-1/2

[Event "European Youth Chess Championship G16"]
[Site "Prague, Top Hotel Prague"]
[Date "2016.08.18"]
[Round "1.1"]
[White "Tsolakidou, Stavroula"]
[Black "Gailiunaite, Saule"]
[Result "1-0"]
[WhiteElo "2363"]
[BlackElo "1844"]
[PlyCount "57"]
[EventDate "2016.??.??"]

1. e4 c5 2. Nf3 Nc6 3. Bb5 g6 4. Bxc6 bxc6 5. O-O Bg7 6. Re1 Nh6 7. c3 O-O 8.
h3 f6 9. d4 cxd4 10. cxd4 Nf7 11. Nc3 d6 12. b3 Re8 13. Bb2 Bb7 14. Qc2 Qa5 15.
Ne2 e5 16. Bc3 Qc7 17. Qb2 Qe7 18. Ng3 exd4 19. Nxd4 Ne5 20. Rad1 Ba6 21. Qa3
Bb7 22. f4 c5 23. Ndf5 gxf5 24. Nxf5 Qc7 25. fxe5 dxe5 26. Qa4 Rad8 27. Ba5 Qb8
28. Qc4+ Kh8 29. Qf7 1-0